Les villes les plus sures de France - Statistiques

Statistiques générales
  • Ce quiz a été pris 7 fois
  • Le résultat moyen est 2 sur 10
Statistiques - réponses
Ville % Correct
9 Ajaccio
100%
4 Bastia
83%
5 Yerres
17%
2 Beauprémeau en Mauges
0%
10 Bois colombes
0%
7 Cherbourg Octeville
0%
6 Elancourt
0%
8 Le Cannet
0%
3 Le plessis robinson
0%
1 Sèvremoine
0%
Aucun quiz correspondant
Distribution des résultats
% des personnes avec chaque résultat
Percentile par nombre de réponses
Votre historique - résultats
Vous n’avez pas pris ce quiz